Depósitos marinos holocenos de los alrededores de Bahía Blanca. /
Guardado en:
| Autor Principal: | |
|---|---|
| Formato: | Libro |
| Idioma: | Spanish |
| Materias: | |
| Etiquetas: |
Agregar Etiqueta
Sin Etiquetas, Sea el primero en etiquetar este registro!
|
| LEADER | 00444nam a22001335a 4500 | ||
|---|---|---|---|
| 001 | EUN.um024120 | ||
| 008 | 041125s19??####xx############000#0#spa#d | ||
| 005 | 20120425102420.0 | ||
| 245 | 1 | 0 | |a Depósitos marinos holocenos de los alrededores de Bahía Blanca. / |c Ester A. Farinati. |
| 100 | 1 | |a Farinati, Ester A. |q (Ester Amanda) | |
| 082 | 0 | 4 | |a 560.17 |
| 082 | 0 | 4 | |a 551.3 |
| 653 | |a Depositos marinos | ||
| 859 | |a Ar-BaUNS |b BIB. CENTRAL - Sector C |h 560.17 |i F226-6 |p 93076/986 | ||
